Statistics for Liam Payne Quiz

Click here to take the quiz!

General Stats

  • This quiz has been taken 222 times
  • The average score is 12 of 15

Answer Stats

questionAnswer% Correct
how many siblings does he have2
99%
what show did he audition forx factor
97%
what band is he inone direction
95%
how old was he then14
91%
when did he first audition for the show2008
88%
what is his middle namejames
88%
when did that band's member leave (zayn)2015
86%
what is liams favourite colourpurple
85%
how long was this supposed to last for18 months
83%
when did the band go on hiatus2016
81%
what place on the show did the band make it3
80%
what was the first song they sang as a bandtorn
69%
what song did he singcry me a river
63%
whats liams mums namekaren
51%
how far did he make it at that timejudges houses
26%

Score Distribution

Percentile by Number Answered

Percent of People with Each Score

Your Score History

You have not taken this quiz